The respone of Information Technology to the challenge of HIV/AIDS in higher education institutions in Africa (Record no. 56390)

MARC details
000 -LEADER
fixed length control field 00827nam a2200229 a 4500
003 - CONTROL NUMBER IDENTIFIER
control field CBULib
005 - DATE AND TIME OF LATEST TRANSACTION
control field 20250725093127.0
008 - FIXED-LENGTH DATA ELEMENTS--GENERAL INFORMATION
fixed length control field 091215s2001 ||||||||||||||||| || u
040 ## - CATALOGING SOURCE
Original cataloging agency CBULib
Language of cataloging English
Transcribing agency CBULib
Modifying agency CBULib
Description conventions rda
050 ## - LIBRARY OF CONGRESS CALL NUMBER
Classification number PAPERS/STAFF/M.J.KELLY
100 ## - MAIN ENTRY--PERSONAL NAME
Personal name Kelly, M. J
245 14 - TITLE STATEMENT
Title The respone of Information Technology to the challenge of HIV/AIDS in higher education institutions in Africa
Statement of responsibility, etc /by M.J.Kelly
260 ## - PUBLICATION, DISTRIBUTION, ETC. (IMPRINT)
Place of publication, distribution, etc Lusaka
Name of publisher, distributor, etc University of Zambia, School of Education
Date of publication, distribution, etc 2001
300 ## - PHYSICAL DESCRIPTION
Extent 16pages
336 ## - CONTENT TYPE
Source rdacontent
Content type term Text |
Content type code txt
337 ## - MEDIA TYPE
Source rdamedia
Media type term Unmediated |
Media type code c
338 ## - CARRIER TYPE
Source rdacarrier
Carrier type term Volume
Carrier type code nc
650 ## - SUBJECT ADDED ENTRY--TOPICAL TERM
Topical term or geographic name as entry element HIV/AIDS PREVENTION AND CARE--ZAMBIA
650 ## - SUBJECT ADDED ENTRY--TOPICAL TERM
Topical term or geographic name as entry element HIV/AIDS--AFRICA
942 ## - ADDED ENTRY ELEMENTS (KOHA)
Source of classification or shelving scheme
Koha item type SPECIAL COLLECTION
Holdings
Withdrawn status Lost status Source of classification or shelving scheme Damaged status Not for loan Collection code Permanent Location Current Location Shelving location Date acquired Source of acquisition Full call number Barcode Date last seen Price effective from Koha item type
          Special Collections CBU-MAIN LIBRARY, KITWE. SPECIAL COLLECTIONS Special Collections 11/30/2022 DEP-CBU/07/2025 PAPERS/STAFF/ M.J.KELLY 03005109 11/30/2022 11/30/2022 SPECIAL COLLECTION